00813nam a2200205 a 450000100100000000500170001000800410002702000180006804000250008624500940011126000360020530000210024149000360026250400700029854600360036870000380040483000430044295201050048599900170059000003964120201002033643.0130712s2008 mx 000 0 spa d a9789703707478 aDO-SdBNPbspacBNPHU00aDon DeLillo :bel hombre del salto /ctraducción del inglés por Ramón Buenaventura. aMéxico :bSeix Barral,c2008. a289 p. ;c24 cm.1 aSeix Barral biblioteca Fomentor aIncluye datos biográficos del autor en la solapa de la cubierta aTítulo original : Falling Man1 aBuenaventura, Ramónetr.965827 0aSeix Barral biblioteca Fomentor965828 001050718MOaGRbGRcCTd2013-07-12iLF1l0o p39641-10r2020-06-25w2020-06-25y1ZNo se presta c39131d39131